Handbook of heat transfer applications / (Record no. 60792)
[ view plain ]
| 000 -LEADER | |
|---|---|
| fixed length control field | 01441pam a2200361 a 4500 |
| 001 - CONTROL NUMBER | |
| control field | 2859493 |
| 003 - CONTROL NUMBER IDENTIFIER | |
| control field | NUST-PNEC |
| 005 - DATE AND TIME OF LATEST TRANSACTION | |
| control field | 20170116180707.0 |
| 008 - FIXED-LENGTH DATA ELEMENTS--GENERAL INFORMATION | |
| fixed length control field | 850425s1985 nyua b 001 0 eng |
| 010 ## - LIBRARY OF CONGRESS CONTROL NUMBER | |
| LC control number | 85010997 |
| 020 ## - INTERNATIONAL STANDARD BOOK NUMBER | |
| International Standard Book Number | 0070535531 : |
| 040 ## - CATALOGING SOURCE | |
| Original cataloging agency | DLC |
| Transcribing agency | PNEC |
| Modifying agency | DLC |
| 050 00 - LIBRARY OF CONGRESS CALL NUMBER | |
| Classification number | QC320.4 |
| Item number | .H36 1985 |
| 082 00 - DEWEY DECIMAL CLASSIFICATION NUMBER | |
| Classification number | 621.4022 ROH |
| 100 ## - MAIN ENTRY--PERSONAL NAME | |
| 9 (RLIN) | 405 |
| Personal name | Rohsenow Warren M. |
| 245 00 - TITLE STATEMENT | |
| Title | Handbook of heat transfer applications / |
| Statement of responsibility, etc. | editors, Warren M. Rohsenow, James P. Hartnett, Ejup N. Ganić. |
| 250 ## - EDITION STATEMENT | |
| Edition statement | 2nd ed. |
| 260 ## - PUBLICATION, DISTRIBUTION, ETC. | |
| Place of publication, distribution, etc. | New York : |
| Name of publisher, distributor, etc. | McGraw-Hill, |
| Date of publication, distribution, etc. | c1985. |
| 300 ## - PHYSICAL DESCRIPTION | |
| Extent | 1 v. (various pagings) : |
| Other physical details | ill. ; |
| Dimensions | 24 cm. |
| 500 ## - GENERAL NOTE | |
| General note | http://www.amazon.com/Handbook-Transfer-Applications-Warren-Rohsenow/dp/0070535531/ref=sr_1_1?s=books&ie=UTF8&qid=1411968005&sr=1-1&keywords=0070535531 |
| 500 ## - GENERAL NOTE | |
| General note | Rev. ed. of part of: Handbook of heat transfer / edited by Warren M. Rohsenow, J.P. Hartnett. c1973. |
| 500 ## - GENERAL NOTE | |
| General note | Companion volume to Handbook of heat transfer fundamentals. |
| 504 ## - BIBLIOGRAPHY, ETC. NOTE | |
| Bibliography, etc. note | Includes bibliographies and index. |
| 650 #0 - SUBJECT ADDED ENTRY--TOPICAL TERM | |
| Topical term or geographic name entry element | Heat |
| General subdivision | Transmission |
| -- | Handbooks, manuals, etc. |
| 650 #0 - SUBJECT ADDED ENTRY--TOPICAL TERM | |
| Topical term or geographic name entry element | Mass transfer |
| General subdivision | Handbooks, manuals, etc. |
| 700 1# - ADDED ENTRY--PERSONAL NAME | |
| Personal name | Rohsenow, Warren M. |
| 700 1# - ADDED ENTRY--PERSONAL NAME | |
| Personal name | Hartnett, J. P. |
| Fuller form of name | (James P.) |
| 700 1# - ADDED ENTRY--PERSONAL NAME | |
| Personal name | Ganić, Ejup N. |
| 730 0# - ADDED ENTRY--UNIFORM TITLE | |
| Uniform title | Handbook of heat transfer. |
| 730 0# - ADDED ENTRY--UNIFORM TITLE | |
| Uniform title | Handbook of heat transfer fundamentals. |
| 906 ## - LOCAL DATA ELEMENT F, LDF (RLIN) | |
| a | 7 |
| b | cbc |
| c | orignew |
| d | 1 |
| e | ocip |
| f | 19 |
| g | y-gencatlg |
| 942 ## - ADDED ENTRY ELEMENTS (KOHA) | |
| Source of classification or shelving scheme | |
| Koha item type | Book |
| Withdrawn status | Lost status | Source of classification or shelving scheme | Damaged status | Not for loan | Permanent Location | Current Location | Shelving location | Date acquired | Source of acquisition | Cost, normal purchase price | Total Checkouts | Full call number | Barcode | Date last seen | Cost, replacement price | Price effective from | Koha item type |
|---|---|---|---|---|---|---|---|---|---|---|---|---|---|---|---|---|---|
| Central Library (CL) | Central Library (CL) | 10/16/2019 | Donation | 621.4022 ROH | CL-D-691 | 10/16/2019 | 10/16/2019 | Reference | |||||||||
| Pakistan Navy Engineering College (PNEC) | Pakistan Navy Engineering College (PNEC) | Reference | 08/25/1986 | Habib & Sons | 1791.00 | 621.4022 ROH | PNECLIB-010295 | 09/29/2014 | 1791.00 | 08/25/1986 | Book |
